01581nam a2200325Ia 4500003000400000005001700004008004100021040002100062041000800083082002800091100004300119245006700162250002200229260004200251300003000293500009700323500006500420505004300485505004800528505004100576505004700617520019300664650003200857650003300889650003100922650003200953942001200985999001500997952024301012OSt20200710100043.0191128s1993 ck gr 000 0dspa d aCO-JMCRcCO-JMCR0 aspa04a330.9861 / 223b G516r1 aGiraldo Samper, Marcela, eautor9697510aReportaje a la economía colombiana /cMarcela Giraldo Samper aPrimera edición aBogotá : bEdiciones Aurora,c1993. a270 páginas ; c 21 cm. aInformación en la tapa: Catorce protagonistas hacen el debate en la antesala del siglo XXI aIncluye datos biográficos del la autora en tapa posterior.0 aLos gradualistas rGabriel Rosas Vega 0 aLos moderados rLuis Jorge Garay Salamanca 0 aLos radicales rSalomón Kalmanoviz0 aLos opositores rEduardo Sarmiento Palacio0 aLlega hasta los fenómenos mas densos y aparentemente áridos, desde el género ágil de la entrevista, para facilitar al lector su incursión en el mundo del pensamiento económico.14aHistoria económica 9697624aEconomía colombiana 9697724aApertura económica9229524aEnsayosxconferencias96978 2ddccBK c6755d6755 00102ddc4070aCPLbCPLcGENd2018-04-15eDonaciónl0o330.9861 / G516rp430002227r2024-05-16 00:00:00tEj.2w2020-07-10yBKzExlibris: Para mi amiga Mónica con afecto y admiración ¡Paciencia es la consigna! La Marce Febrero 95.